| 000 | 00483nam a2200145 a 4500 | ||
|---|---|---|---|
| 001 | 000034684 | ||
| 005 | 20240322185316.0 | ||
| 008 | 111018s2004 xxu 000 0 spa d | ||
| 040 |
_aDO-SdBNP _bspa _cBNPHU |
||
| 082 |
_axxxx _bO74 |
||
| 100 | 1 |
_aOrnes Coiscou, Germán E., _d1919-1998 _957814 |
|
| 245 | 1 | 0 |
_aThe other side of the coin. / _cA collection of articles by German E. Ornes. |
| 260 |
_aWashington : _bEmbassy of the Dominicana Republic, _c[19--?]. |
||
| 300 |
_a80 p. ; _c23 cm. |
||
| 999 |
_c34175 _d34175 |
||